000
00328 a2200157 4500
001
185961
020
_a
84-207-4298-8
040
_c
Magnum
100
_a
Guillevic, E.
240
1
0
_a
Dino y jacobo
_l
por
245
1
0
_a
Dino y jacobo
300
_a
362
0
_a
1991
697
_a
LITERATURA INFANTIL ESPANHOLA
942
_c
BK
999
_c
185961
_d
185961